| 000 | 00372nam a2200145Ia 4500 | ||
|---|---|---|---|
| 005 | 20250729165701.0 | ||
| 008 | 250729s2007 xx 000 0 und d | ||
| 041 | _akan | ||
| 082 | _a370.7 DASP | ||
| 100 |
_aG.N.Desayi _9230499 |
||
| 245 | _aPoorva prathamika Shikshana | ||
| 260 |
_aGadaga _bVidyanidhi Prakashana _c2007 |
||
| 300 | _a323p | ||
| 650 |
_aEducation _9230500 |
||
| 999 |
_c238812 _d238812 |
||